Loading...
Laboratary manual of mamalian anotomy and physiology /
| Hovedforfatter: | |
|---|---|
| Format: | Printed Book |
| Sprog: | English |
| Udgivet: |
New York :
Macmillan,
1978.
|
| Fag: |
| LEADER | 00537nam a2200145Ia 4500 | ||
|---|---|---|---|
| 008 | 160121b xxu||||| |||| 00| 0 eng d | ||
| 020 | |c Rs 69.17 | ||
| 082 | |a 612 |2 23 | ||
| 100 | |a Grollman, Sigmund | ||
| 245 | |a Laboratary manual of mamalian anotomy and physiology / |c Sigmund Grollman | ||
| 260 | |a New York : |b Macmillan, |c 1978. | ||
| 653 | |a Human physiology | ||
| 942 | |c BK | ||
| 999 | |c 122585 |d 122585 | ||
| 952 | |0 0 |1 0 |4 0 |6 612_000000000000000_GRO_L |7 0 |9 135708 |a LIF |b LIF |c ST1 |d 2009-08-02 |i 313 |l 1 |o 612 GRO/L |p LIF313 |r 2016-11-02 |s 2016-10-27 |w 2009-08-02 |y BK | ||